Market leader : (Record no. 2434)

MARC details
000 -LEADER
fixed length control field 00634nam a2200193 ar4500
001 - CONTROL NUMBER
control field 2436
005 - DATE AND TIME OF LATEST TRANSACTION
control field 20221127090435.0
008 - FIXED-LENGTH DATA ELEMENTS--GENERAL INFORMATION
fixed length control field 110201s xxka 00010|eng d
020 ## - INTERNATIONAL STANDARD BOOK NUMBER
International Standard Book Number 9780582854628 : :
Terms of availability SR94.00
082 04 - DEWEY DECIMAL CLASSIFICATION NUMBER
Classification number 428.2402465
Item number J63 2006
100 1# - MAIN ENTRY--PERSONAL NAME
Personal name Johnson, Christine.
245 10 - TITLE STATEMENT
Title Market leader :
Remainder of title advanced business English test file /
Statement of responsibility, etc. Christine Johnson.
250 ## - EDITION STATEMENT
Edition statement 1st ed.
260 ## - PUBLICATION, DISTRIBUTION, ETC.
Place of publication, distribution, etc. Harlow, England :
Name of publisher, distributor, etc. Pearson/Financial Times,
Date of publication, distribution, etc. 2006.
300 ## - PHYSICAL DESCRIPTION
Extent 92 p. ;
Dimensions 30 cm.
650 #4 - SUBJECT ADDED ENTRY--TOPICAL TERM
Topical term or geographic name entry element English language
General subdivision Business English.
650 #4 - SUBJECT ADDED ENTRY--TOPICAL TERM
Topical term or geographic name entry element English language
General subdivision Study and teaching.
650 #4 - SUBJECT ADDED ENTRY--TOPICAL TERM
Topical term or geographic name entry element English language
Form subdivision Textbooks.
Holdings
Withdrawn status Lost status Source of classification or shelving scheme Damaged status Not for loan Home library Current library Date acquired Total Checkouts Full call number Barcode Date last seen Copy number Price effective from Koha item type
              11/27/2022   428.2402465 J63 2006 1000000009615 11/27/2022 C1 11/27/2022 Book